000 02666nam0a2200373 4500
001 RU\NLR\BIBL_A\012308133
005 20201007163059.0
021 _aRU
_bКН-П-20-019830
_9КН-П-20-1554
035 _a(NLR Aleph) 012308133
035 _a(RuMoRGB)010317414
090 _a11356725
_c11356725
100 _a20200805d2019 u y0rusy50 ca
101 0 _arus
102 _aRU
105 _a |||j|||000zy
181 0 _ai
_baxxe
182 0 _an
200 1 _aУправление проектами предупреждения и ликвидации чрезвычайных ситуаций
_eучебное пособие для студентов направления подготовки 20.03.01 - Техносферная безопасность и специальностей 18.05.02 - Химическая технология материалов современной энергетики, 20.05.01 - Пожарная безопасность
_fМ.А. Латкин, М.Н. Степанова, С.А. Кеменов
_gМинистерство науки и высшего образования Российской Федерации, Белгородский государственный технологический университет им. В.Г. Шухова
203 _aТекст
_bвизуальный
_cнепосредственный
210 _aБелгород
_cИзд-во БГТУ
_d2019
215 _a72 с.
_cил., табл.
_d21
320 _aБиблиогр.: с. 72 (4 назв.)
606 1 _aЧрезвычайные ситуации
_jУчебные издания для высших учебных заведений
_xПредупреждение
_xКомпьютерное моделирование
_92451160
_3RU\NLR\AUTH\6601674961
606 1 _aЧрезвычайные ситуации
_jУчебные издания для высших учебных заведений
_xЛиквидация последствий
_xКомпьютерное моделирование
_92451156
_3RU\NLR\AUTH\6601674959
606 1 _aSPIDER PROJECT, пакет прикладных программ
_92451127
_3RU\NLR\AUTH\6601674946
686 1 _aЦ69,6(2Р)0-5я73-1
700 1 _aЛаткин
_bМ. А.
_gМатвей Алексеевич
701 1 _7ca
_8rus
_aСтепанова
_bМ. Н.
_cканд. техн. наук
_gМария Николаевна
_9172996
_3RU\NLR\AUTH\770173047
701 1 _aКеменов
_bС. А.
_gСергей Анатольевич
942 _cBOOK
980 _aNBR
980 _aNB